<?xml version="1.0" encoding="UTF-8"?>
<marc:record xmlns:marc="http://www.loc.gov/MARC21/slim">
   <marc:leader>00000nam a2200000 a 4500</marc:leader>
   <marc:datafield ind1="1" ind2=" " tag="100">
      <marc:subfield code="a">Kalmbach, Gabriele</marc:subfield>
      <marc:subfield code="4">aut</marc:subfield>
      <marc:subfield code="e">Verfasser/-in</marc:subfield>
   </marc:datafield>
   <marc:datafield ind1=" " ind2=" " tag="653">
      <marc:subfield code="a">City-Guide</marc:subfield>
   </marc:datafield>
   <marc:datafield ind1=" " ind2=" " tag="653">
      <marc:subfield code="a">Deutschland</marc:subfield>
   </marc:datafield>
   <marc:datafield ind1=" " ind2=" " tag="653">
      <marc:subfield code="a">Dresden</marc:subfield>
   </marc:datafield>
   <marc:datafield ind1=" " ind2=" " tag="653">
      <marc:subfield code="a">Individualreiseführer</marc:subfield>
   </marc:datafield>
   <marc:datafield ind1=" " ind2=" " tag="653">
      <marc:subfield code="a">Ostdeutschland</marc:subfield>
   </marc:datafield>
   <marc:datafield ind1=" " ind2=" " tag="653">
      <marc:subfield code="a">Reiseführer</marc:subfield>
   </marc:datafield>
   <marc:datafield ind1=" " ind2=" " tag="653">
      <marc:subfield code="a">Sachsen</marc:subfield>
   </marc:datafield>
   <marc:datafield ind1=" " ind2=" " tag="653">
      <marc:subfield code="a">Stadtführer</marc:subfield>
   </marc:datafield>
   <marc:datafield ind1=" " ind2=" " tag="653">
      <marc:subfield code="a">Stadtplan</marc:subfield>
   </marc:datafield>
   <marc:datafield ind1=" " ind2=" " tag="653">
      <marc:subfield code="a">Softcover / Reisen/Reiseführer/Deutschland</marc:subfield>
   </marc:datafield>
   <marc:datafield ind1=" " ind2=" " tag="653">
      <marc:subfield code="a">Führer</marc:subfield>
   </marc:datafield>
   <marc:datafield ind1="0" ind2="0" tag="245">
      <marc:subfield code="a">Dresden</marc:subfield>
   </marc:datafield>
   <marc:datafield ind1="0" ind2="0" tag="245">
      <marc:subfield code="b">mit Ausflügen ins Elbtal ; barocke Pracht entdecken, Musikgenuss in der Semperoper, Kuppelaufstieg in der Frauenkirche, am Elbufer promenieren und radeln</marc:subfield>
   </marc:datafield>
   <marc:datafield ind1="0" ind2="0" tag="245">
      <marc:subfield code="c">Gabriele Kalmbach</marc:subfield>
   </marc:datafield>
   <marc:datafield ind1=" " ind2="1" tag="264">
      <marc:subfield code="a">Bielefeld</marc:subfield>
      <marc:subfield code="b">Reise Know-How Verlag Peter Rump GmbH</marc:subfield>
      <marc:subfield code="c">2016</marc:subfield>
   </marc:datafield>
   <marc:datafield ind1="1" ind2=" " tag="490">
      <marc:subfield code="a">City-Trip plus</marc:subfield>
   </marc:datafield>
   <marc:datafield ind1=" " ind2=" " tag="250">
      <marc:subfield code="a">5., neu bearbeitete und komplett aktualisierte Auflage</marc:subfield>
   </marc:datafield>
   <marc:datafield ind1="1" ind2=" " tag="520">
      <marc:subfield code="a">Angaben aus der Verlagsmeldung

Reise Know-How CityTrip PLUS Dresden : Reiseführer mit Faltplan und kostenloser Web-App / von Gabriele Kalmbach

Mit diesem aktuellen Reiseführer voller Reise-Know-how die Sehenswürdigkeiten und versteckten Schönheiten der Kunst- und Kulturmetropole Dresden entdecken:

- Die wichtigen Stadtviertel und Sehenswürdigkeiten werden umfassend vorgestellt: vom Grünen Gewölbe bis zur Gemäldegalerie Alte Meister, von der Frauenkirche bis zu Zwinger und Semperoper. Highlights am Stadtrand sind Schloss Pillnitz und die Gartenstadt Hellerau.
- Ausflüge führen elbabwärts bis Meißen und elbaufwärts in die Sächsische Schweiz, zu Burgen und Festungen, Barockgärten, Wasserschlössern und Weingütern.
- Für Individualreisende: vielfältige Informationen und Adressen zu Anreise, Unterkunft, Nahverkehr, Stadtführungen, Museen, Biergärten und Straußwirtschaften, Shopping, Kulturevents,.
- Für Aktivurlauber: der Elberadweg und der Sächsische Weinwanderweg.
- Wissenswertes und Unterhaltsames zu Stadtgeschichte und Lebensart.
- Detaillierter, eng mit dem Text abgestimmter Stadtplan (auch als Faltplan zum Herausnehmen).
++++ Ausstattung: 276 Seiten, komplett in Farbe, zahlreiche Fotos, detaillierter Stadtplan (auch als Faltplan zum Herausnehmen), 10 Übersichtskarten, Liniennetzplan, cleveres Nummernsystem zur schnellen Orientierung, ausführliches Register, stabile PUR-Bindung.
+++++ NEU: mit Online App! Service für Smartphones und Tablets: textbegleitende
Luftbildansichten, Routenführung zu den beschriebenen Sehenswürdigkeiten und
touristisch wichtigen Orten, Verlauf des Stadtspaziergangs, Mini-Audiotrainer Sächsisch: http://cg-dresden.reise-know-how.de.
Direkt aufrufbar über den QR-Code auf der Buchrückseite.
</marc:subfield>
   </marc:datafield>
   <marc:datafield ind1=" " ind2=" " tag="020">
      <marc:subfield code="a">9783831726882</marc:subfield>
      <marc:subfield code="9">9783831726882</marc:subfield>
   </marc:datafield>
   <marc:datafield ind1=" " ind2=" " tag="020">
      <marc:subfield code="a">3831726884</marc:subfield>
      <marc:subfield code="9">3831726884</marc:subfield>
   </marc:datafield>
   <marc:datafield ind1=" " ind2=" " tag="041">
      <marc:subfield code="a">ger</marc:subfield>
   </marc:datafield>
   <marc:datafield ind1=" " ind2=" " tag="300">
      <marc:subfield code="a">276 Seiten</marc:subfield>
   </marc:datafield>
</marc:record>
